Database system concepts (Record no. 489)

000 -LEADER
fixed length control field 00571nam a22002297a 4500
001 - CONTROL NUMBER
control field 489
003 - CONTROL NUMBER IDENTIFIER
control field BD-DhUET
008 - FIXED-LENGTH DATA ELEMENTS--GENERAL INFORMATION
fixed length control field 140722b xxu||||| |||| 00| 0 eng d
020 ## - INTERNATIONAL STANDARD BOOK NUMBER
International Standard Book Number 007124476X
040 ## - CATALOGING SOURCE
Transcribing agency 0
Modifying agency BD-DhUET
082 ## - DEWEY DECIMAL CLASSIFICATION NUMBER
Classification number 005.74
Item number SIL/2006
100 ## - MAIN ENTRY--PERSONAL NAME
Personal name Silberschatz, Abraham
245 ## - TITLE STATEMENT
Title Database system concepts
250 ## - EDITION STATEMENT
Edition statement 5th ed.
260 ## - PUBLICATION, DISTRIBUTION, ETC. (IMPRINT)
Place of publication, distribution, etc. Boston
Name of publisher, distributor, etc. McGraw-Hill
Date of publication, distribution, etc. 2006
300 ## - PHYSICAL DESCRIPTION
Extent xxvi,1142p.
Other physical details ill.
504 ## - BIBLIOGRAPHY, ETC. NOTE
Bibliography, etc Includes bibliographies
650 #0 - SUBJECT ADDED ENTRY--TOPICAL TERM
Topical term or geographic name as entry element Database management
700 ## - ADDED ENTRY--PERSONAL NAME
Personal name Korth, Henry F.
700 ## - ADDED ENTRY--PERSONAL NAME
Personal name Sudarshan, S.
942 ## - ADDED ENTRY ELEMENTS (KOHA)
Koha item type General Book
Holdings
Koha item type Koha normalized classification for sorting Koha renewals Shelving location Location (home branch) Koha issues (times borrowed) Koha date last seen Sublocation or collection (holding branch) Not for loan Koha date last borrowed Lost status Withdrawn status Source of classification or shelving scheme Price effective from Date acquired Copy number Damaged status Koha full call number Piece designation (barcode)
General Book007_000000000000000_74SIL2006 Circulation sectionCentral Library, BUET 2014-07-22Central Library, BUET     2014-07-222014-07-221 007.74/SIL/2006103320
General Book007_000000000000000_74SIL20062Circulation sectionCentral Library, BUET 2016-12-24Central Library, BUET     2014-07-222014-07-222 007.74/SIL/2006103321
General Book005_740000000000000_SIL2006 Circulation sectionCentral Library, BUET 2014-08-25Central Library, BUET     2014-08-252014-08-253 005.74 SIL/2006103322
General Book005_000000000000000_74SIL2006 Circulation sectionCentral Library, BUET12021-12-18Central Library, BUET 2021-12-04   2014-08-252014-08-254 005.74/SIL/2006103323
General Book005_000000000000000_74SIL2006 Circulation sectionCentral Library, BUET 2014-08-25Central Library, BUET     2014-08-252014-08-255 005.74/SIL/2006103324
General Book005_740000000000000_SIL_2006 Circulation sectionCentral Library, BUET 2014-08-25Central Library, BUET     2014-08-252014-08-256 005.74/SIL/2006103325
General Book005_740000000000000_SIL_2006 Circulation sectionCentral Library, BUET12017-07-16Central Library, BUET 2017-07-01   2014-08-252014-08-257 005.74/SIL/2006103326
General Book005_000000000000000_74SIL2006 Circulation sectionCentral Library, BUET 2014-08-25Central Library, BUET     2014-08-252014-08-258 005.74/SIL/2006103327
General Book005_000000000000000_74SIL2006 Circulation sectionCentral Library, BUET 2014-08-25Central Library, BUET     2014-08-252014-08-259 005.74/SIL/2006103328
General Book005_000000000000000_74SIL2006 Circulation sectionCentral Library, BUET 2014-08-25Central Library, BUET     2014-08-252014-08-2510 005.74/SIL/2006103329
Reading Item005_740000000000000_SIL_2006 Reading sectionCentral Library, BUET 2015-06-09Central Library, BUET     2015-06-092015-06-0911 005.74/SIL/2006102172
Reading Item005_740000000000000_SIL_2006 Reading sectionCentral Library, BUET 2015-06-09Central Library, BUET     2015-06-092015-06-0912 005.74/SIL/2006102554